000
00324pab a2200145 454500
008
180718b1987 xxu||||| |||| 00| 0 eng d
100
_a
Gross, Randy
245
_a
Council/Manager government
260
_c
1987
300
_a
18
362
_a
Spring
650
_a
Local Government
773
_a
Bureaucrat
909
_a
12684
999
_c
12684
_d
12684